000
00311nam a2200121Ia 4500
008
191201s2007 xx 000 0 und d
100
_a
JOHAR, K L
245
0
_a
Martyr Bhagat Singh: An Intimate View
260
_a
Yamunanagar
_b
Sneh Prakashan
_c
2007
300
_a
368
650
_a
General Books
942
_2
ddc
_c
BK
999
_c
3315
_d
3315